000
00322nam a22001337a 4500
020
_a
978-93-83080-03-8
082
_a
425
_b
KAN/S
100
_a
KANDAPARAMBIL, JOHNY V
245
_a
SIMPLIFIED ENGLISH GRAMMAR AND USAGE
260
_a
THRISSUR
_b
H&C BOOKS
300
_a
96
650
_a
ENGLISH GRAMMAR
_z
THRISSUR
942
_c
BK
999
_c
3798
_d
3798